| 000 | 00677cab a2200229 4500 | ||
|---|---|---|---|
| 001 | WB3418-43 | ||
| 008 | 090401t1998 xxu||||| |||| 00| 0 eng d | ||
| 035 | _a(Sirsi) u86208 | ||
| 041 | _aeng | ||
| 245 | _aSpy in the sky | ||
| 260 | _c1998 | ||
| 350 | _a0 | ||
| 490 |
_aMAFF News Release _v(183/98) 8 May 1998 (2) |
||
| 520 | _aMAFF is extending its contract with the National Remote Sensing Centre Ltd to use satellite imagery to check IACS applications. | ||
| 650 | _aCAP SCHEMES | ||
| 650 | _aINTEGRATED ADMINISTRATION AND CONTROL SYSTEM | ||
| 650 | _aREMOTE SENSING | ||
| 650 | _aSATELLITES | ||
| 690 | _aRURAL PRACTICE | ||
| 942 | _n0 | ||
| 948 | _c14/05/1998 | ||
| 999 |
_c54230 _d54230 |
||